000 00305nam a22001337a 4500
008 171003b xxu||||| |||| 00| 0 eng d
020 _a0824702166
041 _aeng
080 _a159.9
100 _a48
101 _aPSI
245 _aPANIC DISORDER AND ITS TREATMENT
_cROSENBAUM,J,F
942 _2udc
_cBK
999 _c31483
_d31483